Calciatori nazionale italiana (esordio 2010-2019) - Statistics

Statistiche generali
  • Questo quiz è stato fatto 44 volte
  • Il punteggio medio è 32 su 63
Statistiche sulle risposte
Presenze Reti Anno esordio Anno ultimo incontro Presenze per club di appartenenza Calciatore % Corretto
57 17 2014 2023 7   Torino, 8   Borussia Dortmund, 42   Lazio Ciro Immobile
97%
81 -76 2016 2026 33   Milan, 41   Paris Saint-Germain, 7   Manchester City Gianluigi Donnarumma
97%
55 3 2012 2023 Paris Saint-Germain Marco Verratti
95%
70 10 2018 2026 7   Cagliari, 63   Inter Nicolò Barella
95%
57 5 2016 2024 8   Napoli, 38   Chelsea, 11   Arsenal Jorginho
92%
121 8 2010 2023 2   Bari, 109   Juventus, 10   Milan Leonardo Bonucci
89%
51 7 2018 2024 19   Fiorentina, 32   Juventus Federico Chiesa
84%
54 10 2012 2022 Napoli Lorenzo Insigne
84%
39 6 2016 2022 9   Fiorentina, 30   Juventus Federico Bernardeschi
82%
36 14 2010 2018 1   Inter, 15   Manchester City, 17   Milan, 3   Nizza Mario Balotelli
79%
20 9 2014 2016 17   Southampton, 3   Shandong Taishan Graziano Pellè
76%
53 5 2019 2025 Napoli Giovanni Di Lorenzo
74%
28 -18 2010 2021 2   Palermo, 15   Paris Saint-Germain, 10   Torino, 1   Genoa Salvatore Sirigu
74%
32 4 2019 2026 3   Brescia, 11   Milan, 18   Newcastle Utd Sandro Tonali
74%
5 1 2012 2014 3   Sampdoria, 2   Milan Andrea Poli
71%
26 13 2018 2026 9   Juventus, 2   Everton, 4   Paris Saint-Germain, 11   Fiorentina Moise Kean
71%
18 2 2014 2018 5   Sassuolo, 9   Juventus, 2   West Ham Utd, 1   Valencia, 1   Torino Simone Zaza
71%
28 8 2018 2023 Sassuolo Domenico Berardi
68%
27 0 2017 2026 5   Atalanta, 2   Juventus, 17   Roma, 3   Napoli Leonardo Spinazzola
68%
46 2 2014 2024 13   Torino, 23   Manchester Utd, 10   Inter Matteo Darmian
68%
48 2 2017 2026 5   Atalanta, 43   Roma Bryan Cristante
66%
20 4 2018 2026 1   Sassuolo, 2   Inter, 17   Napoli Matteo Politano
66%
40 0 2013 2022 31   Milan, 9   Juventus Mattia De Sciglio
66%
32 7 2012 2024 13   Milan, 4   Monaco, 10   Roma, 5   Shanghai Shenhua Stephan El Shaarawy
66%
13 0 2011 2016 6   Torino, 4   Juventus, 3   West Ham Utd Angelo Ogbonna
63%
49 2 2012 2022 36   Roma, 9   Paris Saint-Germain, 4   Milan Alessandro Florenzi
61%
36 6 2017 2024 1   Sassuolo, 35   Roma Lorenzo Pellegrini
61%
30 1 2011 2016 6   Inter, 24   Paris Saint-Germain Thiago Motta
61%
44 12 2016 2022 Torino Andrea Belotti
58%
14 0 2016 2025 4   Torino, 9   Chelsea, 1   Atalanta Davide Zappacosta
58%
20 2 2019 2026 2   Atalanta, 18   Roma Gianluca Mancini
58%
23 1 2011 2015 10   Parma, 11   Juventus, 2   Toronto FC Sebastian Giovinco
55%
29 0 2018 2023 19   Chelsea, 8   Olympique Lione, 2   West Ham Utd Emerson Palmieri
53%
34 1 2014 2023 2   Sassuolo, 23   Lazio, 9   Inter Francesco Acerbi
53%
9 4 2018 2023 1   Hoffenheim, 8   Friburgo Vincenzo Grifo
53%
18 1 2013 2024 1   Atalanta, 13   Milan, 4   Fiorentina Giacomo Bonaventura
50%
29 4 2012 2016 14   Juventus, 7   Sunderland, 8   Bologna Emanuele Giaccherini
47%
36 0 2011 2018 1   Cesena, 5   Parma, 30   Lazio Marco Parolo
47%
19 2 2019 2024 11   Roma, 2   Galatasaray, 6   Aston Villa Nicolò Zaniolo
47%
13 2 2012 2022 1   Bologna, 3   Sampdoria, 4   Napoli, 5   Southampton Manolo Gabbiadini
45%
14 0 2013 2014 13   Torino, 1   Atlético Madrid Alessio Cerci
42%
13 2 2016 2023 12   Milan, 1   Lazio Alessio Romagnoli
37%
14 4 2011 2014 8   Roma, 5   Southampton, 1   Juventus Daniel Osvaldo
32%
9 3 2018 2022 2   Sassuolo, 6   Inter, 1   Sampdoria Stefano Sensi
32%
21 0 2010 2016 1   Genoa, 19   Inter, 1   Sampdoria Andrea Ranocchia
29%
17 1 2010 2013 1   Brescia, 16   Bologna Alessandro Diamanti
24%
7 1 2011 2015 6   Juventus, 1   Genoa Alessandro Matri
24%
6 0 2017 2020 Inter Danilo D'Ambrosio
24%
14 1 2011 2017 7   Cagliari, 3   Roma, 4   Fiorentina Davide Astori
24%
16 0 2010 2013 12   Palermo, 4   Roma Federico Balzaretti
24%
8 1 2012 2014 Roma Mattia Destro
24%
22 1 2011 2015 Milan Ignazio Abate
21%
7 0 2017 2020 Inter Roberto Gagliardini
21%
16 1 2018 2023 14   Fiorentina, 2   Inter Cristiano Biraghi
16%
6 0 2010 2016 1   Fiorentina, 5   Sampdoria Lorenzo De Silvestri
16%
13 0 2010 2016 2   Parma, 5   Genoa, 6   Milan Luca Antonelli
16%
5 1 2014 2020 1   Sampdoria, 3   Anderlecht, 1   Udinese Stefano Okaka
16%
5 0 2014 2015 3   Genoa, 2   Milan Andrea Bertolacci
13%
7 0 2016 2018 Juventus Daniele Rugani
13%
6 -3 2010 2011 Bologna Emiliano Viviano
13%
26 6 2015 2017 8   Sampdoria, 18   Inter Éder Citadin Martins
8%
7 0 2018 2020 Udinese Kevin Lasagna
5%
9 0 2014 2020 8   Sampdoria, 1   Bologna Roberto Soriano
5%
Nessun quiz corrispondente trovato
Distribuzione punteggi
Percentuale di utenti per punteggio
Percentile per numero di risposta
I tuoi punteggi nel tempo
Non hai fatto questo quiz